Catálogo público

Normal view MARC view

Entry Nombre personal

Number of records used in: 1

001 - NÚMERO DE CONTROL

  • campo de control: 188185

003 - IDENTIFICADOR DEL NÚMERO DE CONTROL

  • campo de control: CHAP

005 - FECHA Y HORA DE LA ÚLTIMA TRANSACCIÓN

  • campo de control: 20231023101122.0

008 - DATOS DE LONGITUD FIJA

  • campo de control de longitud fija: 231023|| aca||abbn | a|a d

040 ## - FUENTE DE LA CATALOGACIÓN

  • Centro catalogador/agencia de origen: Z
  • Centro/agencia transcriptor: CHAP

100 1# - ENCABEZAMIENTO-NOMBRE DE PERSONA

  • Nombre de persona: McGowan, Catherine

670 ## - FUENTE DE DATOS ENCONTRADOS

  • Cita de la fuente: Fisioterapia animal: valoración, tratamiento y rehabilitación de los animales, 2016